UK TV gameshows #3 - Statistics

General Stats
  • This quiz has been taken 51 times
  • The average score is 6 of 15
Answer Stats
Clue Answer % Correct
Here's your starter for ten, Bamber, now Jeremy, was Granada TV, now shown on BBC2 University Challenge
88%
Classic! Henry Kelly, Europe, BBC1, straight after Neighbours Going for Gold
80%
Dales pride and joy! Not gonna mention RCN. Tacky, but Dale made it watchable Supermarket Sweep
80%
"Nine in a line, 30 seconds the time" (Richard Whiteley) Countdown
78%
Noel Edmonds+loud jumpers+2 families +2 sofas Telly Addicts
73%
Lionel, Una (then Liza), Michaels Aspel, then Parky presenting. ITV Thames production Give Us A Clue
45%
"Ding" 🛎️ the next word is... Presented by Robert Robinson, then Robin Ray, originally Call My Bluff
40%
Crossword based quiz presented by Tom O'Connor Crosswits
35%
Eammon Andrews, in the chair, two teams, with guest coming on, to mime their respective jobs What's My Line
30%
Teeny pop guests, schoolkids and (everyones favourite) Keith Chegwin, CBBC Cheggars Plays Pop
20%
Quiz segment in BBCs "Crackerjack", if any prize falls, you get a cabbage! Double or Drop
18%
Paul Coia, BBC weekdays, 4pm, words quiz Catchword
8%
Angela Rippon presented this, weekday teatime, BBC1, general knowledge quiz Masterteam
8%
David Hamilton, ITV Sunday afternoon All Clued Up
5%
Alternated with Blockbusters in the ITV teatime slot, presented by Sue Robbie, then Simon Potter Connections
3%
No matching quizzes found
Score Distribution
Percent of People with Each Score
Percentile by Number Answered
Your Score History
You have not taken this quiz